| 000 | 01261nam a22003617a 4500 | ||
|---|---|---|---|
| 003 | CHAP | ||
| 005 | 20220329143243.0 | ||
| 008 | 070918d2005 mx r 00110 spa d | ||
| 010 | _a94001 | ||
| 011 | _a94973 | ||
| 020 | _a9688177148 | ||
| 035 | _a105576 | ||
| 040 | _cCHAP | ||
| 082 | 0 | 4 |
_a634.9 _bL4 |
| 100 | 1 |
_aLópez, Citlalli _eed. _968454 |
|
| 245 | 1 | 3 |
_aLa riqueza de los bosques mexicanos: más allá de la madera : _bexperiencias de comunidades rurales _c/ed. por Citlalli López, Susana Chanfón Küng y Gerardo Segura Warnholtz |
| 260 |
_aMéxico, D.F. : _bSEMARNAT, _c2005. |
||
| 300 |
_a200 p. : _bilus. |
||
| 590 |
_aBATCH-UPD _b10 _c20130110 _lUCH01 _h0338 |
||
| 590 |
_aBATCH-UPD _b10 _c20130110 _lUCH01 _h1727 |
||
| 590 |
_aBATCH-UPD _b10 _c20130410 _lUCH01 _h0011 |
||
| 590 |
_aBATCH-UPD _b10 _c20130914 _lUCH01 _h0413 |
||
| 590 |
_aCONVERSION _b10 _c20130109 _lUCH01 _h1352 |
||
| 650 | 1 | 4 |
_aArtes y oficios. _97751 |
| 650 | 1 | 4 |
_aBosques _xMéxico. _914341 |
| 650 | 1 | 4 |
_aSilvicultura _xMéxico. _9106123 |
| 700 | 1 |
_aChanfón Küng, Susana _eed. _921847 |
|
| 700 | 1 |
_aSegura Warnholtz, Gerardo _eed. _9103670 |
|
| 901 | _aBK | ||
| 905 | _aElisama A. H | ||
| 942 | _cLIBRO | ||
| 949 |
_a634.9 L4 _bBC _cLIBRO _d33724002037363 _eLIBRO _h108798 _i105576 _si |
||
| 999 |
_c94001 _d94001 |
||